000 00292nam a2200121Ia 4500
008 220120s9999||||xx |||||||||||||| ||und||
020 _a9780439829267
082 _a510 MUR
100 _aMurthy, V.N.S
245 0 _aText book of soil mathematics
260 _bNew York
300 _a117p.
_b143
999 _c136486
_d136486